[Event "POL-chT"]
[Site "Lubniewice"]
[Date "1993.??.??"]
[Round "?"]
[White "Gizynski, Tomasz"]
[Black "Gralka, Julian"]
[Result "1/2-1/2"]
[WhiteElo "2350"]
[BlackElo "2300"]

1.e4 c5 2.Nf3 d6 3.Bb5+ Bd7 4.Bxd7+ Qxd7 5.O-O Nf6 6.Nc3 Nc6 7.d4 cxd4 8.Nxd4 e6
9.Nf3 Be7 10.Bf4 O-O 11.Qe2 a6 12.Rad1 Qc7 13.e5 dxe5 14.Nxe5 Nxe5 15.Bxe5 Qc6
16.Rd3 Rfd8  1/2-1/2

[Event "POL-chT"]
[Site "Lubniewice"]
[Date "1993.??.??"]
[Round "?"]
[White "Gizynski, Tomasz"]
[Black "Ehrenfeucht, Wojciech"]
[Result "1-0"]
[WhiteElo "2350"]
[BlackElo "2350"]

1.e4 c5 2.Nf3 d6 3.Bb5+ Bd7 4.Bxd7+ Qxd7 5.O-O Nc6 6.d4 cxd4 7.Nxd4 Nf6 8.Nc3 g6
9.Nf3 Bg7 10.Qe2 O-O 11.Nd5 Nxd5 12.exd5 Ne5 13.Nxe5 Bxe5 14.c3 Bf6 15.Be3 b5
16.Rad1 Rfc8 17.Bd4 Bxd4 18.Rxd4 Rc5 19.f4 Rac8 20.f5 Rc4 21.fxg6 hxg6 22.Rd3 Rh4
23.Re3 Rc7 24.Rxf7 Kxf7 25.Qf2+ Qf5 26.Qxh4 Qxd5 27.Qh7+ Ke8 28.Qxg6+ Kd8
29.Qe6 Qxe6 30.Rxe6 b4 31.Re3 bxc3 32.Rxc3 Rb7 33.b3 e5 34.Kf2 Kd7 35.h4 d5
36.Rg3 Ke6 37.Rg5 d4 38.h5 Rf7+ 39.Ke2 e4 40.h6 d3+ 41.Ke3 Rd7 42.h7 Rxh7
43.Rg4 Rd7 44.Rxe4+ Kf5 45.Rf4+ Kg5 46.Rf2 Kg4 47.Rd2 Kg3 48.Ke4 Kg4 49.Rxd3 Re7+
50.Kd5 Re2 51.Rd4+ Kg3 52.Ra4 Re7 53.Re4 Rc7 54.Kd6 Rg7 55.Re7 Rg6+ 56.Kc5 a6
57.Rc7 Kf4 58.Rc6 Rg5+ 59.Kc4 a5 60.Rc5 Rxg2 61.Rxa5 Ke4 62.Ra8 Rc2+ 63.Kb5 Kd5
64.Rd8+ Ke6 65.a4 Ke7 66.Rd1 Rc8 67.a5 Rb8+ 68.Ka4  1-0

[Event "POL-chT"]
[Site "Lubniewice"]
[Date "1993.??.??"]
[Round "?"]
[White "Sikora Gizynska, Bozena"]
[Black "Byczynska, Joanna"]
[Result "1/2-1/2"]
[WhiteElo "2185"]
[BlackElo "2050"]

1.e4 c5 2.Nf3 d6 3.Bb5+ Bd7 4.Bxd7+ Qxd7 5.O-O Nf6 6.Nc3 Nc6 7.d4 cxd4 8.Nxd4 e6
9.Nf3 Be7 10.Qe2 a6 11.Bf4 O-O 12.Rfd1 Qc7 13.h3 Rfd8  1/2-1/2

[Event "POL-chT"]
[Site "Lubniewice"]
[Date "1993.??.??"]
[Round "?"]
[White "Gizynski, Tomasz"]
[Black "Twardon, Marian"]
[Result "1/2-1/2"]
[WhiteElo "2350"]
[BlackElo "2370"]

1.e4 c5 2.Nf3 d6 3.Bb5+ Nc6 4.O-O Bd7 5.Re1 a6 6.Bxc6 Bxc6 7.c3 Nf6 8.d4 Bxe4
9.Bg5 Bg6 10.Qb3 Qc7 11.Na3 O-O-O 12.Rad1 Be4 13.c4 Bxf3 14.Qxf3 h6 15.Bxf6 gxf6
16.dxc5 dxc5 17.Rxd8+ Qxd8 18.Qh5 Rg8 19.Rd1 Qe8 20.Qxc5+ Qc6 21.Qxc6+ bxc6
22.Nc2 e6 23.Rd3 Rg4 24.b3 a5 25.g3 Bc5 26.Kg2 Kc7 27.Kf3 f5 28.h3 Rg8 29.g4 fxg4+
30.hxg4 h5 31.gxh5 Rg5 32.Ke2 Rxh5 33.a3 Rh2  1/2-1/2

[Event "POL-chT"]
[Site "Lubniewice"]
[Date "1993.??.??"]
[Round "?"]
[White "Gizynski, Tomasz"]
[Black "Kuczynski, Robert"]
[Result "1/2-1/2"]
[WhiteElo "2350"]
[BlackElo "2520"]

1.e4 c5 2.Nf3 d6 3.Bb5+ Bd7 4.Bxd7+ Nxd7 5.O-O Ngf6 6.Qe2 e6 7.b3 Be7 8.Bb2 O-O
9.c4 Qc7 10.d4 cxd4 11.Nxd4 a6 12.Nc3 Rfe8 13.Rad1 Rad8 14.f4 Bf8  1/2-1/2

[Event "Malmo"]
[Site "Malmo"]
[Date "1993.??.??"]
[Round "8"]
[White "Brynell, Stellan"]
[Black "Petursson, Margeir"]
[Result "0-1"]
[WhiteElo "2465"]
[BlackElo "2560"]

1.e4 c5 2.Nf3 d6 3.Bb5+ Nc6 4.O-O Bd7 5.Re1 Nf6 6.c3 a6 7.Bf1 Bg4 8.d3 g6
9.Nbd2 Bh6 10.h3 Bxf3 11.Nxf3 Bxc1 12.Rxc1 O-O 13.d4 e5 14.Qd2 Kg7 15.Bc4 Qe7
16.Bd5 Rac8 17.dxc5 dxc5 18.Rcd1 b5 19.Qe3 Nb8 20.Qg5 Rfe8 21.Rd2 c4 22.Red1 Rc7
23.Qe3 Nbd7 24.b4 cxb3 25.axb3 Qc5 26.Qg5 h6 27.Qh4 Nb6 28.Ne1 Qxc3 29.Rc2 g5
30.Qg3 Qxg3 31.Rxc7 Nbxd5  0-1

[Event "Mar del Plata Mayor"]
[Site "Mar del Plata"]
[Date "1993.??.??"]
[Round "?"]
[White "Vasta, Eduardo"]
[Black "Cristobal, Ruben"]
[Result "1-0"]
[WhiteElo "2395"]
[BlackElo "2220"]

1.e4 c5 2.Nf3 d6 3.Bb5+ Bd7 4.Bxd7+ Qxd7 5.O-O Nc6 6.c3 Nf6 7.Re1 e6 8.d4 cxd4
9.cxd4 d5 10.e5 Ne4 11.Be3 Be7 12.Rf1 O-O 13.Ne1 f5 14.exf6 Rxf6 15.Nd3 Bd6
16.f3 Raf8 17.Nd2 Nxd2 18.Qxd2 Qc7 19.f4 Qf7 20.Rf3 Qh5 21.Raf1 Rg6 22.h3 Qh4
23.Bf2 Qe7 24.Kh1 Qc7 25.Be3 Rgf6 26.R3f2 R6f7 27.b3 Qb6 28.Ne5 Bxe5 29.fxe5 Rxf2
30.Rxf2 Rxf2 31.Bxf2 h6 32.Qe2 Ne7 33.Qd3 Qc6 34.Kh2 a6 35.Qd2 Qb5 36.Qd1 Nf5
37.g4 Ne7 38.h4 Qa5 39.Qc2 Qd8 40.Kg2 h5 41.Be3 Qe8 42.Bg5 Nc6 43.Be3 hxg4
44.Kg3 Qh5 45.Qd1 Ne7 46.Bg5 Nf5+ 47.Kf4 Qg6 48.Qxg4 Nxd4 49.Ke3 Nc6 50.h5 d4+
51.Kf4 Qf7+ 52.Ke4 Kh7 53.Bc1 g6 54.hxg6+ Qxg6+ 55.Qxg6+ Kxg6 56.Bb2 Kg5
57.a3 Na5 58.b4 Nc4 59.Bc1+  1-0

[Event "Mar del Plata op"]
[Site "Mar del Plata"]
[Date "1993.??.??"]
[Round "4"]
[White "Ricardi, Pablo"]
[Black "Mendez, Ernesto"]
[Result "1/2-1/2"]
[WhiteElo "2480"]
[BlackElo "2385"]

1.e4 c5 2.Nf3 d6 3.Bb5+ Bd7 4.Bxd7+ Qxd7 5.O-O Nc6 6.c3 e6 7.d4 d5 8.exd5 Qxd5
9.Be3 Rd8 10.Qa4 cxd4 11.cxd4 Nf6 12.Nc3 Qd7 13.Qb3 Nd5 14.Nxd5 exd5 15.Ne5 Nxe5
16.dxe5 d4 17.Rad1 Bc5 18.Bg5 Rc8 19.Qg3 Qf5 20.Kh1 Rc6 21.Bc1 O-O 22.h3 Bb6
23.f4 Rfc8 24.Qf3 Qb1 25.f5 Qxa2 26.e6 Bd8 27.Qg4 Kh8 28.Qxd4 Bf6 29.Qb4 fxe6
30.fxe6 Qxe6 31.Qxb7 R6c7 32.Qf3 Kg8 33.Bf4 Rd7 34.Rxd7 Qxd7 35.Qb3+ Qf7
36.Qxf7+ Kxf7 37.Be5 Rc2 38.Bxf6 gxf6 39.Ra1  1/2-1/2

[Event "Mar del Plata op"]
[Site "Mar del Plata"]
[Date "1993.??.??"]
[Round "8"]
[White "Tempone, Marcelo"]
[Black "Llanos, Guillermo"]
[Result "0-1"]
[WhiteElo "2450"]
[BlackElo "2340"]

1.e4 c5 2.Nf3 d6 3.Bb5+ Nc6 4.O-O Bd7 5.c3 Nf6 6.Re1 a6 7.Ba4 c4 8.d4 cxd3
9.Bg5 e6 10.Qxd3 Be7 11.Bxf6 gxf6 12.c4 Qa5 13.Nc3 O-O 14.Bxc6 bxc6 15.e5 fxe5
16.Nxe5 Be8 17.Ng4 Qg5 18.Re3 f5 19.Ne5 Qf6 20.Nf3 e5 21.Qd2 Bf7 22.b3 Bd8
23.Rd1 Bc7 24.Rde1 Rae8 25.h3 Kh8 26.Nh2 Rg8 27.Kh1 Qg5 28.f3 Bb6 29.Rd3 Qxd2
30.Rxd2 Ba5 31.Rc1 d5 32.cxd5 cxd5 33.Rdd1 Rc8 34.Ne2 Bb4 35.f4 e4 36.Nd4 e3
37.Rxc8 Rxc8 38.Nhf3 Bh5 39.a3 Bxf3 40.gxf3 Bc3 41.Nxf5 e2  0-1

[Event "Marostica op"]
[Site "Marostica"]
[Date "1993.??.??"]
[Round "3"]
[White "Rossi, Carlo"]
[Black "Dragojlovic, Andjelko"]
[Result "1-0"]
[WhiteElo "2330"]
[BlackElo "2375"]

1.e4 c5 2.Nf3 d6 3.Bb5+ Nd7 4.O-O Nf6 5.Re1 a6 6.Bf1 b6 7.c3 Bb7 8.d3 g6
9.Nbd2 e5 10.d4 Qc7 11.dxe5 dxe5 12.a4 Bg7 13.Nc4 O-O 14.Nd6 Bc6 15.Bc4 Ne8
16.Nxf7 Rxf7 17.Bxf7+ Kxf7 18.Ng5+ Ke7 19.Qb3 Nf8 20.Rd1 Nd6 21.Qg8 Bf6 22.a5 h6
23.axb6 Qxb6 24.b4 cxb4 25.Be3 Qb5 26.Rxd6 hxg5 27.c4  1-0

[Event "Marostica op"]
[Site "Marostica"]
[Date "1993.??.??"]
[Round "8"]
[White "Sedina, Elena"]
[Black "Mantovani, Renzo"]
[Result "1/2-1/2"]
[WhiteElo "2255"]
[BlackElo "2380"]

1.e4 c5 2.Nf3 d6 3.Bb5+ Bd7 4.Bxd7+ Nxd7 5.c4 Ngf6 6.Nc3 e6 7.d4 cxd4 8.Nxd4 a6
9.O-O Qc7 10.Qe2 Rc8 11.b3 b5 12.Nd5 exd5 13.exd5+ Ne5 14.f4 bxc4 15.fxe5 dxe5
16.Bf4 Bd6 17.Nc6 O-O 18.Bxe5 Rfe8 19.Bxd6 Qxd6 20.Qxc4 Nxd5 21.Rad1 Rxc6
22.Qxd5 Qxd5 23.Rxd5 Rc2 24.Rf2 Rc1+ 25.Rf1 Rc2 26.Rf2  1/2-1/2

[Event "Martinez Valle op2"]
[Site "Martinez Valle"]
[Date "1993.??.??"]
[Round "4"]
[White "Ricardi, Pablo"]
[Black "Garbarino, Rodolfo"]
[Result "1-0"]
[WhiteElo "2480"]
[BlackElo "2405"]

1.e4 c5 2.Nf3 d6 3.Bb5+ Nd7 4.d4 Nf6 5.O-O cxd4 6.Qxd4 g6 7.e5 dxe5 8.Nxe5 Bg7
9.Rd1 O-O 10.Nc3 Ng4 11.Qxg4 Nxe5 12.Qa4 Qb6 13.Nd5 Qe6 14.Nc7 Qg4 15.Qxg4 Bxg4
16.f3 Rac8 17.Nd5 Rc5 18.c4 a6 19.Be3 Rxd5 20.cxd5 Bxf3 21.gxf3 axb5 22.Kf2 Nc4
23.Bd4 Nxb2 24.Bxb2 Bxb2 25.Rab1 Ba3 26.Rxb5 b6 27.Ke2 Bc5 28.a4 Ra8 29.Ra1 Bd4
30.Ra2 Rd8 31.Kd3 e5 32.Rc2 f5 33.Rc7 g5 34.Kc4 h5 35.a5 bxa5 36.d6 a4 37.Rb4 a3
38.Ra4 Bb2 39.Kd5 g4 40.fxg4 hxg4 41.Ke6 f4 42.d7 Kg7 43.Ra8 Rxd7 44.Rxd7+ Kh6
45.Rh8+ Kg6 46.Rg8+ Kh6 47.Kf5 e4 48.Rg6+  1-0

[Event "Massy op2"]
[Site "Massy"]
[Date "1993.??.??"]
[Round "3"]
[White "Delanoy, Arnaud"]
[Black "Roeder, Mathias"]
[Result "0-1"]
[WhiteElo "2150"]
[BlackElo "2425"]

1.e4 c5 2.Nf3 d6 3.Bb5+ Bd7 4.Bxd7+ Qxd7 5.O-O Nc6 6.c3 Nf6 7.Re1 e6 8.d4 cxd4
9.cxd4 d5 10.e5 Ne4 11.Ng5 Nxg5 12.Bxg5 Be7 13.Bxe7 Qxe7 14.Nc3 O-O 15.a3 a6
16.b4 Rac8 17.Na4 Qh4 18.Nc5 Rc7 19.Nb3 Rfc8 20.Re3 Nb8 21.Rh3 Qf4 22.Rf3 Qg4
23.h3 Qh4 24.Rc1 Rxc1 25.Nxc1 Rc4 26.Nb3 Nc6 27.Rd3 b6 28.Qg4 Qxg4 29.hxg4 h6
30.Kf1 a5 31.bxa5 bxa5 32.Nd2 Rxd4 33.Rxd4 Nxd4 34.f4 a4 35.Nb1 Nb5 36.Ke2 f6
37.Kd3 g5 38.g3 gxf4 39.gxf4 fxe5 40.fxe5 Kf7 41.Nc3 Nxc3 42.Kxc3 Kg6 43.Kb4 Kg5
44.Kxa4 Kf4 45.Kb5 d4 46.Kc4 Ke3  0-1

[Event "Massy op"]
[Site "Massy"]
[Date "1993.??.??"]
[Round "9"]
[White "Fruteau, Sabine"]
[Black "Roeder, Mathias"]
[Result "0-1"]
[WhiteElo "2185"]
[BlackElo "2425"]

1.e4 c5 2.Nf3 d6 3.Bb5+ Bd7 4.Bxd7+ Qxd7 5.O-O Nc6 6.c3 Nf6 7.Qe2 e6 8.d4 cxd4
9.cxd4 d5 10.e5 Ne4 11.Be3 Be7 12.Ne1 f6 13.f3 Ng5 14.Nd3 O-O 15.Nc3 Rac8
16.Rad1 b6 17.exf6 Bxf6 18.Ne5 Qe7 19.Rfe1 Nf7 20.Bf4 Nfxe5 21.dxe5 Bh4 22.Bg3 Qc5+
23.Qf2 Bxg3 24.hxg3 Qxf2+ 25.Kxf2 Rf5 26.f4 g5 27.Ne2 gxf4 28.gxf4 Nxe5 29.Nd4 Rxf4+
30.Kg3 Rg4+ 31.Kh3 Re4 32.Nxe6 Rxe1 33.Rxe1 Nd3 34.Re2 Kf7 35.Ng5+ Kg6 36.Kh4 Nf4
37.Rd2 Rc4 38.g4 h6 39.Nf3 Ra4 40.a3 h5 41.gxh5+ Nxh5+ 42.Rd4 Rxd4+ 43.Nxd4 Nf4
44.Kg4 Nd3 45.b3 Kf6 46.Kf3 a6 47.Ke3 Ne5 48.Kd2 Ke7 49.Kc3 Kd7 50.b4 b5
51.Nb3 Kc6 52.Nc5 Nd7 53.Nd3 Nf8 54.Nc5 Nd7 55.Nd3 Kd6 56.Kd4 Nf8 57.Kc3 Ne6
58.Kb3 d4 59.a4 Kd5 60.a5 Ke4 61.Kc2 Ke3 62.Ne5 Nf4  0-1

[Event "Merida"]
[Site "Merida"]
[Date "1993.??.??"]
[Round "3"]
[White "Martin del Campo, Roberto"]
[Black "Henao, Raul Fernando"]
[Result "1/2-1/2"]
[WhiteElo "2410"]
[BlackElo "2390"]

1.e4 c5 2.Nf3 d6 3.Bb5+ Bd7 4.Bxd7+ Qxd7 5.O-O Nc6 6.c4 g6 7.d4 cxd4 8.Nxd4 Bg7
9.Be3 Nf6 10.f3 O-O 11.Nc3 Rfc8 12.b3 Qd8 13.Qd2 Qa5 14.Rfd1 a6 15.Rac1 Nd7
16.Nxc6 bxc6 17.Bg5 Re8 18.Kh1  1/2-1/2

[Event "Merida"]
[Site "Merida"]
[Date "1993.??.??"]
[Round "5"]
[White "Van Riemsdijk, Herman C"]
[Black "Sunye Neto, Jaime"]
[Result "1-0"]
[WhiteElo "2400"]
[BlackElo "2545"]

1.e4 c5 2.Nf3 d6 3.Bb5+ Nd7 4.d4 Nf6 5.e5 Qa5+ 6.Nc3 Ne4 7.Bd2 Nxc3 8.Bxd7+ Bxd7
9.Bxc3 Qa6 10.d5 h6 11.Qd2 O-O-O 12.Qf4 f6 13.e6 Be8 14.a4 g5 15.Qe4 Rg8
16.Qe2 Qxe2+ 17.Kxe2 Bg6 18.Ne1 h5 19.f3 g4 20.Bd2 h4 21.Bf4 Bf5 22.Ke3 Rg6
23.a5 Bg7 24.Ra4 gxf3 25.gxf3 Bh3 26.Kf2 Rh8 27.b4 cxb4 28.Rxb4 Rh5 29.c4 f5
30.Rb3 Bd4+ 31.Be3 Bxe3+ 32.Kxe3 f4+ 33.Kd4 Bf5 34.Rb2 Rhg5 35.Nd3 Bxd3 36.Kxd3 Rg1
37.Rxg1 Rxg1 38.Ke4 h3 39.Kxf4 Rg2 40.Rb1 Rxh2 41.Kg3 Rc2 42.Kxh3 Rxc4 43.Rg1 Rc5
44.Rg8+ Kc7 45.Re8 Rxd5 46.Rxe7+ Kc6 47.Re8 Kc7 48.f4 Rxa5 49.Kg4 d5 50.f5 d4
51.f6  1-0

[Event "BLR-ch"]
[Site "Minsk"]
[Date "1993.??.??"]
[Round "?"]
[White "Berezjuk, Sergej"]
[Black "Fedorov, Alexei"]
[Result "1/2-1/2"]
[WhiteElo "2435"]
[BlackElo "2490"]

1.e4 c5 2.Nf3 d6 3.Bb5+ Nd7 4.d4 Nf6 5.Nc3 cxd4 6.Qxd4 e5 7.Qd3 h6 8.O-O Be7
9.Be3 O-O 10.Bc4 Nb6 11.Bb3 Be6 12.Rfd1 Rc8 13.Qb5 Rxc3 14.bxc3 Nxe4 15.Bxe6 fxe6
16.Nxe5 Rf5 17.Bxb6 axb6 18.f4 d5 19.Nd3 Nxc3 20.Qb3 Nxd1 21.Rxd1 Bd6 22.Qa4 Kh7
23.Re1 Qc8 24.g3 Rf6 25.Re2 Qc6 26.Qb3 g5 27.Qb2 Bc5+ 28.Nxc5 Qxc5+ 29.Kg2 d4
30.Re4 gxf4 31.Qxd4 f3+ 32.Kf1 Qf5 33.Qd7+ Kg8 34.Qe8+ Kg7 35.Qe7+  1/2-1/2

[Event "Minsk"]
[Site "Minsk"]
[Date "1993.??.??"]
[Round "?"]
[White "Zaitsev, Igor A"]
[Black "Shipov, Sergei"]
[Result "1/2-1/2"]
[WhiteElo "2450"]
[BlackElo "2490"]

1.e4 c5 2.Nf3 d6 3.Bb5+ Bd7 4.Bxd7+ Qxd7 5.O-O Nc6 6.c3 Nf6 7.d4 cxd4 8.cxd4 d5
9.e5 Ng8 10.a3 e6 11.b4 Nge7 12.Nc3 Nc8 13.Qd3 Nb6 14.Be3 Be7 15.Nd2 O-O
16.f4 f5 17.exf6 Bxf6 18.Ne2 Rac8 19.Kh1 Ne7 20.g4 Ng6 21.Nf3 Qa4 22.Ra2 Qa6
23.b5 Qa4 24.f5 exf5 25.gxf5 Ne7 26.Ne5 a6 27.bxa6 Qxa6 28.Qxa6 bxa6 29.Ng3 Nc4
30.Bf4 Bh4 31.Nxc4 Rxc4 32.Bd6 Bxg3 33.Bxe7 Re8 34.f6 gxf6 35.Bxf6 Re1 36.Rxe1 Bxe1
37.Be5 Bc3 38.Rg2+ Kf8 39.Rf2+ Ke8 40.Rf4 Ra4 41.Rh4 Rxa3 42.Rxh7 Ra1+ 43.Kg2 Rd1
44.Kf3 a5  1/2-1/2

[Event "BLR-ch"]
[Site "Minsk"]
[Date "1993.??.??"]
[Round "?"]
[White "Korzubov, Peter"]
[Black "Dydyshko, Viacheslav"]
[Result "1-0"]
[WhiteElo "2465"]
[BlackElo "2490"]

1.e4 c5 2.Nf3 d6 3.Bb5+ Nd7 4.d4 Nf6 5.Nc3 a6 6.Bxd7+ Nxd7 7.O-O e6 8.dxc5 Nxc5
9.Bf4 Qc7 10.e5 d5 11.Nd4 b5 12.a3 Bb7 13.Re1 Ne4 14.Nxe4 dxe4 15.c3 g5 16.Bxg5 Qxe5
17.Bh4 Rg8 18.Bg3 Qg5 19.a4 h5 20.axb5 h4 21.bxa6 Bc8 22.Qa4+ Bd7 23.Nxe6 fxe6
24.Qxe4 Ra7 25.Bxh4 Qb5 26.c4 Qh5 27.Bg3 Bb4 28.Qf4 Ra8 29.Red1 Bc5 30.b4 Bxb4
31.Qc7 Rg7 32.Qb7  1-0

[Event "Montecatini Terme op"]
[Site "Montecatini Terme"]
[Date "1993.??.??"]
[Round "?"]
[White "Sedina, Elena"]
[Black "Barletta, Mauro"]
[Result "1-0"]
[WhiteElo "2230"]
[BlackElo "2235"]

1.e4 c5 2.Nf3 d6 3.Bb5+ Bd7 4.Bxd7+ Nxd7 5.c4 Ngf6 6.Nc3 e6 7.O-O Be7 8.d4 cxd4
9.Nxd4 a6 10.b3 O-O 11.Bb2 Rc8 12.f4 Re8 13.Kh1 Bf8 14.Qf3 Qa5 15.h3 h6 16.Rad1 Rcd8
17.Nc2 Rc8 18.b4 Qc7 19.Ne3 Nb6 20.e5 dxe5 21.fxe5 Qxe5 22.Na4 Qc7 23.Nxb6 Qxb6
24.Bxf6 gxf6 25.Ng4 f5 26.Nf6+ Kh8 27.Rd7 Red8 28.Rxf7 Bg7 29.Qf4  1-0

[Event "Moscow blitz"]
[Site "Moscow"]
[Date "1993.??.??"]
[Round "?"]
[White "Timman, Jan H"]
[Black "Khalifman, Alexander"]
[Result "0-1"]
[WhiteElo "2635"]
[BlackElo "2630"]

1.e4 c5 2.Nf3 d6 3.Bb5+ Bd7 4.Qe2 e6 5.O-O Be7 6.d4 cxd4 7.Nxd4 Nf6 8.c4 O-O
9.Nc3 a6 10.Bxd7 Nbxd7 11.Be3 Rc8 12.Rac1 Qa5 13.f3 Ne5 14.Nb1 Qxa2 15.Na3 Nc6
16.Qd3 Qxb2 17.Nxc6 bxc6 18.Rb1 Qe5 19.Rb7 Rfe8 20.Bd4 Qa5 21.Bb6 Qa4 22.c5 d5
23.e5 Nh5 24.g3 Rb8 25.Rxb8 Rxb8 26.Rc1 g6 27.Kg2 Ng7 28.g4 f6 29.Re1 fxe5
30.Rxe5 Bf6 31.Re2 e5 32.Nc2 Ne6  0-1

[Event "Munich op9293"]
[Site "Munich"]
[Date "1993.??.??"]
[Round "2"]
[White "Robovic, Saudin"]
[Black "Van Wely, Loek"]
[Result "1-0"]
[WhiteElo "2395"]
[BlackElo "2525"]

1.e4 c5 2.Nf3 d6 3.Bb5+ Bd7 4.Bxd7+ Nxd7 5.O-O Ngf6 6.Re1 e6 7.a4 Be7 8.c3 O-O
9.Na3 Rc8 10.d3 a6 11.h3 Qc7 12.Bf4 Rfd8 13.Nh2 b6 14.Ng4 Qc6 15.Nxf6+ Nxf6
16.Re3 b5 17.axb5 axb5 18.Rg3 Kh8 19.Bg5 c4 20.Nc2 h6 21.Ra7 cxd3 22.Bxh6 gxh6
23.Rxe7 dxc2 24.Qf3 c1=Q+ 25.Kh2 Ng4+ 26.Rxg4 f5 27.Rgg7 Q1xc3 28.bxc3 Qxc3
29.Rh7+ Kg8 30.Qh5 Qf6 31.exf5 exf5 32.Rxh6 Qxe7 33.Rh8+ Kg7 34.Rh7+ Kg8
35.Rh8+ Kg7 36.Rh7+ Kf8 37.Qxf5+ Ke8 38.Qh5+ Kf8 39.Qf5+ Ke8 40.Rh8+  1-0

[Event "Nabereznye Chelny"]
[Site "Nabereznye Chelny"]
[Date "1993.??.??"]
[Round "?"]
[White "Arkhipov, Sergey"]
[Black "Muhutdinov, Marat"]
[Result "1-0"]
[WhiteElo "2515"]
[BlackElo "2475"]

1.e4 c5 2.Nf3 d6 3.Bb5+ Nc6 4.O-O Bd7 5.Re1 Nf6 6.c3 a6 7.Bxc6 Bxc6 8.d4 Bxe4
9.Bg5 d5 10.dxc5 e6 11.Bxf6 gxf6 12.Nbd2 Bxf3 13.Qxf3 Bxc5 14.c4 dxc4 15.Rad1 Qe7
16.Ne4 f5 17.Qc3 fxe4 18.Qxh8+ Qf8 19.Qxh7 e3 20.fxe3 Qe7 21.b3 Bb4 22.Rf1 c3
23.a3 Bxa3 24.Qh8+ Qf8 25.Qxc3  1-0

[Event "New York Marshall"]
[Site "New York"]
[Date "1993.??.??"]
[Round "?"]
[White "Somlai, Laszlo"]
[Black "Shirazi, Kamran G"]
[Result "0-1"]
[WhiteElo "2385"]
[BlackElo "2460"]

1.e4 c5 2.Nf3 d6 3.Bb5+ Nd7 4.d4 cxd4 5.Qxd4 e5 6.Qd3 Nf6 7.Nc3 Be7 8.Bg5 O-O
9.Bxd7 Qxd7 10.O-O-O Ne8 11.Bxe7 Qxe7 12.Nd5 Qd8 13.Nd2 Be6 14.Nc4 Qg5+ 15.Qe3 Qxg2
16.Rhg1 Qh3 17.Qxh3 Bxh3 18.Rg3 Be6 19.Rb3 b6 20.Ra3 Bxd5 21.Rxd5 Nc7 22.Rd2 Nb5
23.Rad3 f5 24.exf5 Rxf5 25.Nxd6 Nxd6 26.Rxd6 Raf8 27.Rd7 Rxf2 28.Rxf2 Rxf2
29.Rxa7 Rxh2 30.Re7 h5 31.a4 Re2 32.Kd1 Re4 33.b3 h4 34.Re8+ Kh7 35.Rd8 h3
36.Rd2 Rd4  0-1

[Event "New York Marshall CC"]
[Site "New York"]
[Date "1993.??.??"]
[Round "3"]
[White "Moulin, Pierre"]
[Black "Young, Ronald"]
[Result "1-0"]
[WhiteElo "2305"]
[BlackElo "2300"]

1.e4 c5 2.Nf3 d6 3.Bb5+ Bd7 4.Bxd7+ Qxd7 5.O-O Nc6 6.c3 Nf6 7.d4 cxd4 8.cxd4 d5
9.e5 Ne4 10.Ne1 f6 11.f3 Ng5 12.Be3 e6 13.Nc3 Be7 14.Qd2 Nf7 15.f4 Nh6 16.Nf3 Nf5
17.Bf2 fxe5 18.fxe5 O-O 19.Qd3 Bb4 20.Ne2 Qe8 21.Kh1 Qg6 22.Nf4 Qh6 23.g3 g5
24.Ng2 g4 25.Nfh4 Nxh4 26.Nxh4 Qd2 27.Rad1 Qxb2 28.Qe3 Rf7 29.Qg5+ Kh8 30.Be3 Raf8
31.Rf6 Rxf6 32.exf6 Rf7 33.Qxg4 Rxf6 34.Bg5 Rf7 35.Qxe6 Qf2 36.Qxd5 Be7 37.Bxe7 Rxe7
38.Nf3 Re2 39.Rg1 Rxa2 40.Qf5 Kg8 41.Qc8+ Kf7 42.Ng5+ Kg6 43.Qe6+ Kh5 44.Qh3+ Kxg5
45.Rf1 Qxh2+ 46.Qxh2 Rxh2+ 47.Kxh2 Nxd4 48.Rf7 h5 49.Kh3 Nf5 50.Rxb7 Ne3
51.Rxa7 Kg6 52.Ra5 Kh6 53.Kh2 h4 54.gxh4 Ng4+ 55.Kg3 Nf6 56.Ra6 Kh5 57.Re6 Kg6
58.Kf4 Kh5 59.Rxf6  1-0

[Event "New York op"]
[Site "New York"]
[Date "1993.??.??"]
[Round "3"]
[White "Vatnikov, Josif E"]
[Black "Dlugy, Maxim"]
[Result "0-1"]
[WhiteElo "2440"]
[BlackElo "2550"]

1.e4 c5 2.Nf3 d6 3.Bb5+ Bd7 4.Bxd7+ Nxd7 5.O-O Ngf6 6.Re1 e6 7.c4 Qc7 8.Nc3 a6
9.b3 Be7 10.d4 cxd4 11.Qxd4 O-O 12.Bb2 Rfd8 13.Rad1 Rab8 14.Qd3 Nf8 15.Qe2 Ng6
16.g3 Rbc8 17.Nd4 Bf8 18.f4 Re8 19.Nf3 Qa5 20.Rc1 d5 21.e5 Ne4 22.Nxe4 dxe4
23.Qxe4 Qxa2 24.Qc2 Qa5 25.Kg2 Red8 26.Red1 Ne7 27.Rxd8 Rxd8 28.Rd1 Nf5 29.Bc1 Rxd1
30.Qxd1 Qa2+ 31.Kh3 Qb1 32.g4 Ne3 33.Qg1 Nc2 34.Nd2 Qa1 35.Ne4 Nd4 36.Qe3 Nxb3
37.Qxb3 Qxc1 38.Kg3 Qa3 39.Qxa3 Bxa3 40.Kf3 a5 41.Ke2 Bc1 42.f5 Bf4 43.fxe6 fxe6
44.h3 Bxe5 45.Kd3 a4 46.Kc2 b6 47.Kb1 Bd4 48.Ka2 Bc5 49.Nc3 Kf7 50.Nxa4 Kf6  0-1

[Event "New York op"]
[Site "New York"]
[Date "1993.??.??"]
[Round "5"]
[White "Fedorov, Vladislav"]
[Black "Vulicevic, Nenad"]
[Result "1/2-1/2"]
[WhiteElo "2425"]
[BlackElo "2320"]

1.e4 c5 2.Nf3 d6 3.Bb5+ Bd7 4.Bxd7+ Nxd7 5.O-O Ngf6 6.d3 g6 7.Nc3 Bg7 8.Ng5 h6
9.Nh3 O-O 10.f4 Rb8 11.a4 a6 12.a5 b5 13.axb6 Qxb6 14.Kh1 Qc6 15.Qf3 e6 16.Nf2 Kh7
17.Ra2 Ng8 18.Bd2 Ne7 19.Rfa1 Ra8 20.Re1 c4 21.dxc4 Qxc4 22.Rea1 Qc6 23.Qe2 Qb7
24.Qd3 d5 25.exd5 Nxd5 26.Nxd5 exd5 27.Bc3 Nc5 28.Qf3 Bxc3 29.Qxc3 Ne4 30.Qd4 Rfc8
31.c3 Rc4 32.Qe3 Nxf2+ 33.Qxf2 d4 34.cxd4 Re8 35.h3  1/2-1/2

[Event "New York Marshall CC"]
[Site "New York"]
[Date "1993.??.??"]
[Round "7"]
[White "Moulin, Pierre"]
[Black "Ashley, Maurice"]
[Result "0-1"]
[WhiteElo "2305"]
[BlackElo "2365"]

1.e4 c5 2.Nf3 d6 3.Bb5+ Bd7 4.Bxd7+ Nxd7 5.O-O Ngf6 6.Re1 e6 7.d4 cxd4 8.Nxd4 Be7
9.c4 O-O 10.Nc3 a6 11.b3 Qa5 12.Bb2 Rfc8 13.Rc1 Rab8 14.Qe2 Bf8 15.Red1 Rc5
16.a3 Rcc8 17.Rd3 Qd8 18.Rcd1 Qb6 19.Rg3 Re8 20.Kh1 Qc7 21.f4 g6 22.Rf1 Bg7
23.Re3 Rbd8 24.Nc2 Re7 25.Ref3 b6 26.Rd1 Nb8 27.Rfd3 Nc6 28.b4 Red7 29.Ne3 Qb7
30.R3d2 Ne7 31.Ng4 Nxg4 32.Qxg4 Qc7 33.Qe2 Rc8 34.e5 Rcd8 35.Ne4 dxe5 36.Rxd7 Rxd7
37.Rxd7 Qxd7 38.fxe5 Nf5 39.g3 Qc7 40.Nf6+ Bxf6 41.exf6 h5 42.Be5 Qd7 43.Kg1 a5
44.h3 axb4 45.axb4 Qb7 46.Qd3 Kh7 47.Kh2 Qa6 48.Qe2 Qa3 49.b5 Qc5 50.Bf4 Qd4
51.Be5 Qc5 52.Bf4 Nd4 53.Qd3 e5 54.Be3 Qd6 55.Qf1 Nf5 56.Qf2 Nxe3 57.Qxe3 Qxf6
58.c5 bxc5 59.Qxc5 e4 60.b6 Qb2+ 61.Kg1 Qb3 62.Qc7 h4 63.gxh4 Qe3+ 64.Kg2 Qf3+
65.Kh2 Qf2+ 66.Kh1 e3 67.h5 e2 68.hxg6+ Kh6  0-1

[Event "New York op"]
[Site "New York"]
[Date "1993.??.??"]
[Round "9"]
[White "Vatnikov, Josif E"]
[Black "Yermolinsky, Alex"]
[Result "0-1"]
[WhiteElo "2440"]
[BlackElo "2615"]

1.e4 c5 2.Nf3 d6 3.Bb5+ Nd7 4.O-O a6 5.Bxd7+ Bxd7 6.d4 cxd4 7.Nxd4 Nf6 8.Nc3 e6
9.Be3 Be7 10.Qe2 b5 11.a3 O-O 12.Rfd1 Qc7 13.Nf3 h6 14.Nd4 Rfd8 15.f3 e5
16.Nb3 Be6 17.Qf2 Rab8 18.Nc1 d5 19.exd5 Nxd5 20.Nxd5 Rxd5 21.Rxd5 Bxd5 22.Nd3 Rc8
23.Qg3 e4 24.Qxc7 Rxc7 25.Ne1 exf3 26.gxf3 Rc6 27.Rd1 Rg6+ 28.Kf1 Bc6 29.Rd3 b4
30.c4 bxc3 31.Rxc3 Bb5+ 32.Nd3 Rd6 33.Ke2 Bf6 34.a4 Bxa4 35.Rc8+ Kh7 36.Bf4 Rd5  0-1

[Event "Nikolaev zt"]
[Site "Nikolaev"]
[Date "1993.??.??"]
[Round "?"]
[White "Nevednichy, Vladislav"]
[Black "Golubev, Mihail"]
[Result "1/2-1/2"]
[WhiteElo "2495"]
[BlackElo "2495"]

1.e4 c5 2.Nf3 d6 3.Bb5+ Nc6 4.Bxc6+ bxc6 5.O-O e5 6.c3 Nf6 7.Re1 Bg4 8.h3 Bh5
9.d3 Be7 10.Nbd2 O-O 11.Nf1 Bg6 12.Ng3 Nd7 13.d4 exd4 14.cxd4 Re8 15.Bf4 cxd4
16.Nxd4 Bf6 17.Bxd6 Qb6 18.Ndf5 Qxb2 19.Qg4 Ne5 20.Bxe5 Qxe5 21.Rac1 Qe6
22.f4 Bd8 23.Kh2 Bxf5 24.Nxf5 g6 25.Nd4 Qxa2 26.Rxc6 Qa4 27.Qd7 Bf6 28.Rd6 Qxd7
29.Rxd7 Bxd4 30.Rxd4  1/2-1/2

[Event "Nikolaev zt"]
[Site "Nikolaev"]
[Date "1993.??.??"]
[Round "?"]
[White "Bologan, Viktor"]
[Black "Fedorov, Alexei"]
[Result "1/2-1/2"]
[WhiteElo "2520"]
[BlackElo "2490"]

1.e4 c5 2.Nf3 d6 3.Bb5+ Nd7 4.O-O Nf6 5.Re1 g6 6.c3 a6 7.Bf1 Bg7 8.d4 e5
9.dxe5 dxe5 10.c4 O-O 11.Nc3 Ne8 12.Bg5 f6 13.Be3 Nc7 14.a3 b6 15.g3 Kh8
16.Bh3 Nb8 17.Qxd8 Rxd8 18.Bxc8 Rxc8 19.Na4 Nd7 20.Red1 b5 21.cxb5 axb5 22.Nxc5 Nxc5
23.Bxc5 Ne6 24.Bb4 f5 25.Rd6 fxe4 26.Nxe5 Ng5 27.Nc6 e3 28.f4 Bf8 29.Bc3+ Kg8
30.Rd3 Rxc6 31.fxg5 b4 32.Be5 bxa3  1/2-1/2